| 000 | 00435nam a2200181Ia 4500 | ||
|---|---|---|---|
| 001 | 20583 | ||
| 005 | 20260306172816.0 | ||
| 008 | 260306t2011||||xx |||||||||||||| ||spa|| | ||
| 041 | _aESP | ||
| 082 |
_a343.4 _bP83 |
||
| 100 |
_aPozzolo, Susanna, _eAUT |
||
| 245 | 0 | _aNeoconstitucionalismo, derecho y derechos | |
| 260 | _c2011 | ||
| 300 |
_a276 páginas : _c21cm. |
||
| 650 | _aGEN | ||
| 654 | _aCDE | ||
| 942 |
_cLIB _dJUS _fJUS _2ddc _n |
||
| 999 |
_c20583 _d20583 |
||